Riverdale Character Quiz - Statistics

General Stats
  • This quiz has been taken 1,125 times
  • The average score is 25 of 40
Answer Stats
Hint Answer % Correct
Cooper Betty
99%
Jones Jughead
99%
Jones F.P.
96%
Cooper Polly
95%
Andrews Archie
94%
Lodge Veronica
94%
Cooper Alice
92%
Blossom Cheryl
92%
Jones Jellybean
91%
Blossom Jason
90%
Keller Kevin
90%
Andrews Fred
87%
Lodge Hiram
87%
Cooper Hal
84%
Lodge Hermione
81%
McCoy Josie
77%
Blossom Cliff
72%
Blossom Penelope
69%
Pea Sweet
68%
Mantle Reggie
67%
Tate Pop
63%
Muggs Ethel
62%
Doiley Dilton
60%
St. Clair Nick
57%
Topaz Tony
56%
Peabody Penny
55%
Andrews Mary
53%
Cooper Chuck
51%
Clayton Chuck
51%
Klump Midge
44%
Mason Moose
44%
Blossom Nana Rose
44%
Brown Valerie
28%
Blossom Claudius
26%
McCoy Mayor
24%
Valentine Melody
20%
Agent Andre
5%
Serpent Tall Boy
5%
Keller Cherrie
3%
Smithers Firing
3%
No matching quizzes found
Score Distribution
Percent of People with Each Score
Percentile by Number Answered
Your Score History
You have not taken this quiz